000 00786nam a2200241Ia 4500
003 OSt
005 20220926022504.0
006 a|||||r|||| 00| 0
007 ta
008 220923b |||||||| |||| 00| 0 eng d
037 _cGeneral Book
040 _aRTL
_cRTL
_beng
041 _2eng
_aeng
082 _aV1N45,933:8.N73, L3,1
110 _aUnited Nations. General Assembly, Official Recored, 28th Session
_9327888
245 0 _aSupplement
_b Introduction to the report of the Sec
260 _aNew York
_bUnited Nations U. S. A.
_c1973
300 _a7p.
_ccm.
650 _aHistory
700 _aUnited Nations. General Assembly, Official Recored, 28th Session
_9327889
942 _hV1N45,933:8.N73, L3,1
_cGB
_2CC
999 _c639595
_d639595